Jika kamu ialah tanda bahagi (Record no. 114423)

MARC details
000 -LEADER
fixed length control field 00792nam a2200265 i 4500
001 - CONTROL NUMBER
control field C2-0312437
003 - CONTROL NUMBER IDENTIFIER
control field PPAK
005 - DATE AND TIME OF LATEST TRANSACTION
control field 20180728104154.0
008 - FIXED-LENGTH DATA ELEMENTS--GENERAL INFORMATION
fixed length control field 111005s2011 my a|||| ||||| | may d
020 ## - INTERNATIONAL STANDARD BOOK NUMBER
International Standard Book Number 9789830687339
040 ## - CATALOGING SOURCE
Original cataloging agency PPAK
Language of cataloging eng
Transcribing agency PPAK
Description conventions rda
082 04 - DEWEY DECIMAL CLASSIFICATION NUMBER
Classification number 510
Edition number 23
090 00 - LOCALLY ASSIGNED LC-TYPE CALL NUMBER (OCLC); LOCAL CALL NUMBER (RLIN)
Classification number (OCLC) (R) ; Classification number, CALL (RLIN) (NR) 510
Feature heading SHA
Feature heading K
100 1# - MAIN ENTRY--PERSONAL NAME
Personal name Shaskan, Trisha Speed,
Relator term author
245 10 - TITLE STATEMENT
Title Jika kamu ialah tanda bahagi
264 #1 - PRODUCTION, PUBLICATION, DISTRIBUTION, MANUFACTURE, AND COPYRIGHT NOTICE
Place of production, publication, distribution, manufacture Kuala Lumpur :
Name of producer, publisher, distributor, manufacturer Institut Terjemahan Negara Malaysia ,
Date of production, publication, distribution, manufacture, or copyright notice 2011
300 ## - PHYSICAL DESCRIPTION
Extent 24 pages :
Other physical details colour illustrations ;
Dimensions 22 cm
336 ## - CONTENT TYPE
Source rdacontent
Content type term text
337 ## - MEDIA TYPE
Source rdamedia
Media type term unmediated
338 ## - CARRIER TYPE
Source rdacarrier
Carrier type term volume
490 1# - SERIES STATEMENT
Series statement Siri belajar matematik ITNM
650 10 - SUBJECT ADDED ENTRY--TOPICAL TERM
Topical term or geographic name entry element Division - Juvenile literature.
830 #0 - SERIES ADDED ENTRY--UNIFORM TITLE
Uniform title Siri belajar matematik ITNM
942 ## - ADDED ENTRY ELEMENTS (KOHA)
-- dc
Koha item type Book
Holdings
Withdrawn Not for loan Current library Shelving location Date acquired Total Checkouts Total Renewals Full call number Barcode Date last seen Date last checked out Koha item type
    Perpustakaan Alor Setar Pinjaman Kanak-kanak 11/10/2011 3 1 K 510 SHA A01361786 29/11/2025 18/10/2025 Book
    Perpustakaan Alor Setar Pinjaman Kanak-kanak 11/10/2011 2 1 K 510 SHA A01361787 12/05/2024 02/05/2024 Book
    Perpustakaan Jitra Pinjaman Kanak-kanak 11/10/2011 1   K 510 SHA A01361789 13/08/2025 11/08/2025 Book
    Perpustakaan Kulim Pinjaman Kanak-kanak 11/10/2011 1   K 510 SHA A01361790 24/12/2018 19/12/2018 Book